000 00388nam a22001457a 4500
008 210527b ||||| |||| 00| 0 eng d
020 _a9781843101291
041 _aeng
080 _a61
082 _a61
100 _a3
101 _aSHM
245 _aA Guide to the Spiritual Dimension of Care for People with Alzheimer's Disease and Related Dementia
_cEileen Shamy
942 _2udc
_cBK
999 _c57755
_d57755